[Event "Meltwater Tour Final 2021"]
[Site "chess24.com INT"]
[Date "2021.09.27"]
[Round "3.2"]
[White "Vachier-Lagrave, Maxime"]
[Black "Carlsen, Magnus"]
[Result "1/2-1/2"]
[WhiteTitle "GM"]
[BlackTitle "GM"]
[WhiteElo "2763"]
[BlackElo "2855"]
[WhiteFideId "623539"]
[BlackFideId "1503014"]
[EventDate "2021.09.25"]

1. e4 e5 2. Nf3 Nc6 3. Bb5 a6 4. Ba4 Nf6 5. O-O Be7 6. Re1 b5 7. Bb3 O-O 8. a4
Bb7 9. d3 d6 10. Nc3 Na5 11. Ba2 b4 12. Ne2 c5 13. Bd2 Bc8 14. c3 bxc3 15. Nxc3
Rb8 16. Nd5 Nc6 17. Nxf6+ Bxf6 18. Bc3 Qe8 19. Nd2 Be6 20. Bd5 Bxd5 21. exd5 Nb4
22. Bxb4 Rxb4 23. Nc4 Qd7 24. a5 Rfb8 25. h3 e4 26. Rxe4 Bxb2 27. Rb1 Bf6 28.
Rc1 Bg5 29. Ra1 Bf6 30. Rc1 Bg5 31. Ra1 Bf6 32. Rc1 1/2-1/2

[Event "Meltwater Tour Final 2021"]
[Site "chess24.com INT"]
[Date "2021.09.27"]
[Round "3.2"]
[White "Artemiev, Vladislav"]
[Black "So, Wesley"]
[Result "1/2-1/2"]
[WhiteTitle "GM"]
[BlackTitle "GM"]
[WhiteElo "2699"]
[BlackElo "2778"]
[WhiteFideId "24101605"]
[BlackFideId "5202213"]
[EventDate "2021.09.25"]

1. e4 e5 2. Bc4 Nf6 3. d3 Nc6 4. Nc3 Na5 5. Bb3 Bc5 6. Nf3 d6 7. Na4 Bb6 8. Nxb6
axb6 9. Ba4+ Bd7 10. c3 Bxa4 11. Qxa4+ Nc6 12. Qc2 h6 13. O-O O-O 14. a4 d5 15.
b4 Re8 16. h3 Qd6 17. Be3 Qe6 18. Rfe1 Rad8 19. a5 b5 20. Rac1 Rd7 21. Qe2 Red8
22. d4 dxe4 23. Nxe5 Nxe5 24. dxe5 Qxe5 25. Bd4 Qf5 26. Bxf6 Qxf6 27. Qxe4 Rd2
28. Qf3 Qxf3 29. gxf3 c6 30. Re7 R2d7 31. Rxd7 Rxd7 32. c4 bxc4 33. Rxc4 Kf8 34.
a6 bxa6 35. Rxc6 Ra7 36. Rc5 Ke7 37. Ra5 Rb7 38. Rxa6 Rxb4 39. Kg2 g6 40. Ra7+
Ke6 41. Ra5 Ke7 42. Ra6 Rc4 1/2-1/2

[Event "Meltwater Tour Final 2021"]
[Site "chess24.com INT"]
[Date "2021.09.27"]
[Round "3.3"]
[White "Radjabov, Teimour"]
[Black "Giri, Anish"]
[Result "1/2-1/2"]
[WhiteTitle "GM"]
[BlackTitle "GM"]
[WhiteElo "2763"]
[BlackElo "2777"]
[WhiteFideId "13400924"]
[BlackFideId "24116068"]
[EventDate "2021.09.25"]

1. Nf3 d5 2. d4 Nf6 3. c4 e6 4. Nc3 c6 5. cxd5 exd5 6. Qc2 Bd6 7. Bg5 O-O 8. e3
h6 9. Bh4 Be6 10. Bd3 Nbd7 11. O-O Qc7 12. Bg3 Bxg3 13. hxg3 a5 14. a3 Qd6 15.
Rab1 Rfe8 16. Rfc1 Bg4 17. Nh2 h5 18. Na4 g6 19. b4 axb4 20. axb4 b5 21. Nc5
Nxc5 22. Qxc5 Qxc5 23. Rxc5 Ra6 24. Rbc1 Bd7 25. Nf3 Ng4 26. Ne1 Ra2 27. R5c2
Rea8 28. Rxa2 Rxa2 29. Nc2 Kg7 30. Kf1 Nf6 31. f3 Ne8 32. Ra1 Rxa1+ 33. Nxa1 Kf6
34. Nb3 Ke7 35. Nc5 Bc8 36. Kf2 Nf6 37. Bc2 Kd6 38. e4 dxe4 39. Nxe4+ Nxe4+ 40.
fxe4 f6 41. Ke3 g5 42. Bd1 Bg4 43. Bxg4 hxg4 44. Kd3 Ke6 45. Ke3 Kd6 46. Kd3 Ke6
47. Ke3 Kd6 1/2-1/2

[Event "Meltwater Tour Final 2021"]
[Site "chess24.com INT"]
[Date "2021.09.27"]
[Round "3.3"]
[White "Duda, Jan-Krzysztof"]
[Black "Mamedyarov, Shakhriyar"]
[Result "1/2-1/2"]
[WhiteTitle "GM"]
[BlackTitle "GM"]
[WhiteElo "2756"]
[BlackElo "2762"]
[WhiteFideId "1170546"]
[BlackFideId "13401319"]
[EventDate "2021.09.25"]

1. d4 Nf6 2. c4 g6 3. Nc3 d5 4. cxd5 Nxd5 5. Bd2 Nb6 6. e3 Bg7 7. h4 e5 8. dxe5
Nc6 9. f4 f6 10. exf6 Qxf6 11. h5 Qe7 12. hxg6 Bf5 13. gxh7 O-O-O 14. Nf3 Bf6
15. Qb3 Nb4 16. Kf2 Nc2 17. Rd1 Bxh7 18. Rxh7 Qxh7 19. Qe6+ Nd7 20. Nd5 Bh4+ 21.
Nxh4 Qxh4+ 22. g3 Qh5 23. Rc1 Kb8 24. Rxc2 Rhe8 25. Ne7 Nc5 26. Nc6+ bxc6 27.
Qxc6 Re6 28. Qb5+ Rb6 29. Qc4 Rc6 30. Kg1 Rh8 31. Bg2 Qd1+ 32. Kf2 Nd3+ 33. Qxd3
Qxc2 34. Qb5+ Kc8 35. Qxc6 Qxd2+ 36. Kf3 Qd1+ 37. Kf2 Qd2+ 38. Kf3 Qd1+ 39. Ke4
Qb1+ 40. Kf3 Qd1+ 1/2-1/2

[Event "Meltwater Tour Final 2021"]
[Site "chess24.com INT"]
[Date "2021.09.27"]
[Round "3.3"]
[White "Carlsen, Magnus"]
[Black "Vachier-Lagrave, Maxime"]
[Result "0-1"]
[WhiteTitle "GM"]
[BlackTitle "GM"]
[WhiteElo "2855"]
[BlackElo "2763"]
[WhiteFideId "1503014"]
[BlackFideId "623539"]
[EventDate "2021.09.25"]

1. e4 c5 2. Nc3 d6 3. Bb5+ Bd7 4. Bxd7+ Qxd7 5. Nf3 Nf6 6. d4 cxd4 7. Nxd4 g6 8.
b3 d5 9. e5 Qc7 10. Nce2 Qxe5 11. Bf4 Qh5 12. f3 Bh6 13. g4 Qh3 14. Qd2 Bxf4 15.
Nxf4 Qh4+ 16. Kd1 Nc6 17. Ng2 Qh3 18. Nf4 Qh6 19. h4 Qg7 20. c3 O-O 21. g5 Nh5
22. Nxh5 gxh5 23. Re1 e6 24. f4 Rac8 25. Rc1 Rfe8 26. Qd3 Qg6 27. Kd2 Nxd4 28.
Qxg6+ hxg6 29. cxd4 Kf8 30. Rxc8 Rxc8 31. Rc1 Rxc1 32. Kxc1 f6 33. Kd2 Kf7 34.
Ke3 e5 35. fxe5 fxe5 36. dxe5 Ke6 37. Kd4 b6 38. b4 b5 39. a3 a6 0-1

[Event "Meltwater Tour Final 2021"]
[Site "chess24.com INT"]
[Date "2021.09.27"]
[Round "3.3"]
[White "So, Wesley"]
[Black "Artemiev, Vladislav"]
[Result "1-0"]
[WhiteTitle "GM"]
[BlackTitle "GM"]
[WhiteElo "2778"]
[BlackElo "2699"]
[WhiteFideId "5202213"]
[BlackFideId "24101605"]
[EventDate "2021.09.25"]

1. e4 c6 2. d4 d5 3. e5 Bf5 4. Nf3 e6 5. Be2 c5 6. Be3 cxd4 7. Nxd4 Ne7 8. Nd2
a6 9. O-O Nbc6 10. N2f3 Be4 11. c3 Rc8 12. Rc1 h6 13. Nd2 Bh7 14. f4 Nxd4 15.
Bxd4 Nf5 16. Bf2 Bc5 17. Bxc5 Rxc5 18. Nb3 Rc6 19. Rf3 g5 20. Bd3 g4 21. Rf2 g3
22. hxg3 Nxg3 23. Rf3 Bxd3 24. Rxg3 Be4 25. Nd4 Rc8 26. Qh5 Qe7 27. Rf1 Kd8 28.
Rg7 Rc7 29. Re1 Kc8 30. Re3 Kb8 31. Reg3 Ka7 32. Qe2 h5 33. R3g5 h4 34. Kh2 Rcc8
35. Kh3 Ka8 36. Qf2 Qf8 37. f5 exf5 38. Qf4 Rh5 39. Nxf5 Rxg5 40. Qxg5 Bxf5+ 41.
Qxf5 Qxg7 42. Qxc8+ Ka7 43. Qc5+ Ka8 44. Qe3 Qg6 45. Qf4 Qd3+ 46. Kxh4 Qh7+ 47.
Kg3 Qg6+ 48. Qg4 Qd3+ 49. Kh2 Qh7+ 50. Qh3 Qe4 51. Qc8+ Ka7 52. Qc5+ Ka8 53.
Qf8+ Ka7 54. Qxf7 Qxe5+ 55. Kg1 Qe4 56. Qf2+ Ka8 57. g3 Qb1+ 58. Kg2 Qe4+ 59.
Kh3 Qh7+ 60. Kg4 Qg6+ 61. Kf4 Qe4+ 62. Kg5 Qe5+ 63. Kg6 Qe6+ 64. Kg7 Qe7+ 65.
Kg8 Qe6+ 66. Qf7 Qg4+ 67. Qg7 Qe6+ 68. Kf8 Qd6+ 69. Kf7 Qc7+ 70. Kg8 Qc6 71. g4
Qe6+ 72. Kh8 Ka7 73. Qd4+ Ka8 74. g5 Qe8+ 75. Kg7 Qe7+ 76. Kh6 Qf8+ 77. Qg7 Qd6+
78. Qf6 Qh2+ 79. Kg7 Qxb2 80. g6 Qxa2 81. Kf8 Qa3+ 82. Kf7 Qa4 83. Qh8+ Ka7 84.
Qd4+ Qxd4 85. cxd4 1-0

[Event "Meltwater Tour Final 2021"]
[Site "chess24.com INT"]
[Date "2021.09.27"]
[Round "3.4"]
[White "Giri, Anish"]
[Black "Radjabov, Teimour"]
[Result "1-0"]
[WhiteTitle "GM"]
[BlackTitle "GM"]
[WhiteElo "2777"]
[BlackElo "2763"]
[WhiteFideId "24116068"]
[BlackFideId "13400924"]
[EventDate "2021.09.25"]

1. e4 e5 2. Nf3 Nc6 3. Bb5 Nf6 4. d3 Bc5 5. c3 O-O 6. O-O d6 7. Nbd2 h6 8. h3
Ne7 9. d4 exd4 10. cxd4 Bb6 11. Re1 Ng6 12. a4 a6 13. Bf1 Re8 14. a5 Ba7 15. b4
Bd7 16. Bb2 Bb5 17. Bxb5 axb5 18. g3 Qd7 19. Kg2 Re7 20. a6 Qc8 21. axb7 Qxb7
22. Qc2 Bb6 23. d5 Rxa1 24. Rxa1 Nd7 25. Qd3 Nde5 26. Nxe5 Nxe5 27. Qxb5 Kh7 28.
f4 Nd7 29. Qc6 Qc8 30. Ra8 Nb8 31. Qc2 Qb7 32. Ra3 f5 33. Qc4 c6 34. Rd3 cxd5
35. Rxd5 Be3 36. Rb5 Qa8 37. Nf3 fxe4 38. Nh4 Ba7 39. Rd5 Nd7 40. Rxd6 e3+ 41.
Qd5 Qxd5+ 42. Rxd5 e2 43. Bc3 Nf6 44. Re5 Rxe5 45. fxe5 Nd5 46. Be1 Bb8 47. Nf3
Kg6 48. Kf2 Kf5 49. Kxe2 Ke4 50. e6 Bd6 51. b5 Nc7 52. e7 Bxe7 53. b6 Ne6 54.
Bf2 Bd6 55. Nd2+ Kd5 56. Kd3 h5 57. Ne4 Be5 58. Nc3+ Kc6 59. Ne4 Kd5 60. Be3 g6
61. Nc3+ Kc6 62. Ne2 Nc5+ 63. Bxc5 Kxc5 64. Ke4 Bb8 65. b7 Kc6 66. Nf4 Kxb7 67.
h4 1-0

[Event "Meltwater Tour Final 2021"]
[Site "chess24.com INT"]
[Date "2021.09.27"]
[Round "3.4"]
[White "Artemiev, Vladislav"]
[Black "So, Wesley"]
[Result "1/2-1/2"]
[WhiteTitle "GM"]
[BlackTitle "GM"]
[WhiteElo "2699"]
[BlackElo "2778"]
[WhiteFideId "24101605"]
[BlackFideId "5202213"]
[EventDate "2021.09.25"]

1. c4 c5 2. g3 g6 3. Bg2 Bg7 4. Nc3 Nc6 5. d3 d6 6. e4 e5 7. Nge2 Nge7 8. O-O
O-O 9. Be3 a6 10. Qd2 Rb8 11. a4 Nd4 12. Rab1 Nec6 13. f4 Bg4 14. f5 gxf5 15.
exf5 Nxf5 16. Nd5 Nxe3 17. Qxe3 f5 18. Kh1 Kh8 19. Nec3 Bh5 20. Rf2 e4 21. Qd2
Ne5 22. dxe4 Nxc4 23. Qc2 fxe4 24. Rxf8+ Qxf8 25. Nxe4 b5 26. axb5 axb5 27. Rf1
Qg8 28. Ndf6 Bxf6 29. Nxf6 Bg6 30. Qe2 Qg7 31. Qe6 Rf8 32. Rf4 Nxb2 33. Qxd6 Nd3
34. Rf1 c4 35. Qd4 b4 36. Qxc4 Qa7 37. Ng4 Rxf1+ 38. Bxf1 Nf2+ 39. Nxf2 Qxf2 40.
Qc8+ Kg7 41. Qc7+ Qf7 42. Qe5+ Qf6 43. Qc7+ Qf7 44. Qe5+ Qf6 45. Qc7+ Qf7 1/2-1/2

[Event "Meltwater Tour Final 2021"]
[Site "chess24.com INT"]
[Date "2021.09.27"]
[Round "3.4"]
[White "Vachier-Lagrave, Maxime"]
[Black "Carlsen, Magnus"]
[Result "1/2-1/2"]
[WhiteTitle "GM"]
[BlackTitle "GM"]
[WhiteElo "2763"]
[BlackElo "2855"]
[WhiteFideId "623539"]
[BlackFideId "1503014"]
[EventDate "2021.09.25"]

1. e4 e5 2. Nf3 Nc6 3. Bb5 a6 4. Ba4 Nf6 5. O-O Be7 6. Re1 b5 7. Bb3 O-O 8. a4
Bb7 9. d3 d6 10. Bd2 Nb8 11. axb5 axb5 12. Rxa8 Bxa8 13. Na3 c6 14. c4 bxc4 15.
Nxc4 c5 16. Ne3 Nc6 17. Nf5 Bb7 18. Ba4 Qc7 19. Qc2 Bd8 20. Rc1 Ne7 21. Ne3 Qb8
22. b4 cxb4 23. Bxb4 Bxe4 24. Bxd6 Qxd6 25. dxe4 Ng6 26. g3 Qb4 27. Bc6 Ne7 28.
Nxe5 Nxc6 29. Nxc6 Qxe4 30. Qxe4 Nxe4 31. Nxd8 Rxd8 32. Rd1 Rxd1+ 33. Nxd1 g6
34. Kg2 Kg7 35. Ne3 Ng5 36. Nd5 Ne6 37. Ne3 Ng5 38. Nd5 Ne6 39. Ne3 Ng5 1/2-1/2

[Event "Meltwater Tour Final 2021"]
[Site "chess24.com INT"]
[Date "2021.09.27"]
[Round "3.4"]
[White "Mamedyarov, Shakhriyar"]
[Black "Duda, Jan-Krzysztof"]
[Result "1/2-1/2"]
[WhiteTitle "GM"]
[BlackTitle "GM"]
[WhiteElo "2762"]
[BlackElo "2756"]
[WhiteFideId "13401319"]
[BlackFideId "1170546"]
[EventDate "2021.09.25"]

1. d4 Nf6 2. c4 e6 3. Nc3 Bb4 4. Nf3 Bxc3+ 5. bxc3 d6 6. a4 Qe7 7. g3 e5 8. Bg2
e4 9. Nd2 O-O 10. Nf1 h6 11. Ne3 Nc6 12. a5 Qd8 13. O-O Ne7 14. Qc2 Re8 15. f3
exf3 16. exf3 Bd7 17. Bd2 Qc8 18. Rfe1 Rb8 19. Re2 Nf5 20. Rae1 Nxe3 21. Bxe3
Bf5 22. Qd2 Qd7 23. g4 Bg6 24. d5 b6 25. axb6 cxb6 26. Qd4 Qc7 27. h4 h5 28.
gxh5 Nxh5 29. Kf2 Re5 30. Bg5 f6 31. Bc1 Rbe8 32. Bh3 Rxe2+ 33. Rxe2 Rxe2+ 34.
Kxe2 f5 35. Bg5 Be8 36. Kd2 Bd7 37. Bf1 Kf7 38. Qe3 Nf6 39. Bxf6 Kxf6 40. Qg5+
Kf7 41. h5 Qc5 42. Be2 b5 43. Qg6+ Kf8 44. h6 gxh6 45. Qf6+ Ke8 46. f4 Bc8 47.
cxb5 Qxd5+ 48. Kc1 Qe6 49. Bh5+ Kd7 50. Qd4 Qa2 51. Bf3 Kc7 52. Qg7+ Bd7 53. Bc6
Qe6 54. Kd2 h5 55. Qh7 Kd8 56. c4 Qe7 57. Qh8+ Qe8 58. Qf6+ Qe7 59. Qh8+ Qe8 60.
Qf6+ Kc7 61. Bd5 Qb8 62. Qg7 Qd8 63. Ke3 Kb8 64. Kf3 Bc8 65. Qh6 h4 66. Kg2 Qe7
67. Kh3 a5 68. bxa6 Bxa6 69. Qxh4 Qe3+ 70. Qg3 Qxg3+ 71. Kxg3 Kc7 72. Kh4 Kb6
73. Kg5 Bc8 74. Kf6 Kc5 75. Bf7 Kd4 76. Ke7 Ba6 77. Kxd6 Bxc4 78. Bxc4 Ke4 79.
Be6 Kxf4 80. Bxf5 1/2-1/2

[Event "Meltwater Tour Final 2021"]
[Site "chess24.com INT"]
[Date "2021.09.27"]
[Round "3.5"]
[White "Giri, Anish"]
[Black "Radjabov, Teimour"]
[Result "1-0"]
[WhiteTitle "GM"]
[BlackTitle "GM"]
[WhiteElo "2777"]
[BlackElo "2763"]
[WhiteFideId "24116068"]
[BlackFideId "13400924"]
[EventDate "2021.09.25"]

1. e4 b6 2. d4 Bb7 3. Bd3 e6 4. Nf3 d6 5. Nbd2 Nd7 6. Nf1 Ngf6 7. Ng3 Be7 8. O-O
O-O 9. Re1 e5 10. c3 Re8 11. h3 Bf8 12. Qc2 g6 13. Be3 Qe7 14. Rad1 Bg7 15. Qc1
a6 16. a4 Qf8 17. Bg5 Kh8 18. b4 Rac8 19. b5 axb5 20. axb5 Ra8 21. Qc2 Bh6 22.
Bc4 Bg7 23. Bc1 h6 24. h4 exd4 25. cxd4 d5 26. exd5 Rxe1+ 27. Rxe1 Bxd5 28. Bxd5
Nxd5 29. h5 Qd6 30. Ne4 Qe6 31. Nc5 Qd6 32. Nxd7 Qxd7 33. hxg6 Re8 34. Ne5 Bxe5
35. dxe5 fxg6 36. Qxg6 Re6 37. Qf5 Qe8 38. f4 Qg8 39. Qh3 1-0

[Event "Meltwater Tour Final 2021"]
[Site "chess24.com INT"]
[Date "2021.09.27"]
[Round "3.5"]
[White "Carlsen, Magnus"]
[Black "Vachier-Lagrave, Maxime"]
[Result "1-0"]
[WhiteTitle "GM"]
[BlackTitle "GM"]
[WhiteElo "2855"]
[BlackElo "2763"]
[WhiteFideId "1503014"]
[BlackFideId "623539"]
[EventDate "2021.09.25"]

1. e4 c5 2. Nf3 d6 3. d4 cxd4 4. Nxd4 Nf6 5. Nc3 Nc6 6. h3 e5 7. Nxc6 bxc6 8.
Bc4 Be7 9. O-O O-O 10. b3 Nd7 11. Na4 Nf6 12. Nc3 Nd7 13. Ba3 Nb6 14. Bd3 d5 15.
Bxe7 Qxe7 16. Re1 d4 17. Nb1 c5 18. Nd2 Be6 19. Qe2 f6 20. Rec1 Rac8 21. c3 Qf7
22. Rc2 a5 23. Rac1 a4 24. cxd4 axb3 25. Nxb3 cxd4 26. Nc5 Rc7 27. Nxe6 Rxc2 28.
Qxc2 Qxe6 29. a4 Ra8 30. a5 Rxa5 31. Qc7 h5 32. Rc6 Qb3 33. Rxb6 Ra1+ 34. Kh2
Qxd3 35. Rb7 1-0

[Event "Meltwater Tour Final 2021"]
[Site "chess24.com INT"]
[Date "2021.09.27"]
[Round "3.5"]
[White "Duda, Jan-Krzysztof"]
[Black "Mamedyarov, Shakhriyar"]
[Result "1-0"]
[WhiteTitle "GM"]
[BlackTitle "GM"]
[WhiteElo "2756"]
[BlackElo "2762"]
[WhiteFideId "1170546"]
[BlackFideId "13401319"]
[EventDate "2021.09.25"]

1. d4 Nf6 2. c4 g6 3. Nc3 d5 4. cxd5 Nxd5 5. Bd2 Nb6 6. e3 Bg7 7. h4 e5 8. dxe5
Nc6 9. h5 Nxe5 10. h6 Bf6 11. Qc2 O-O 12. O-O-O Qe7 13. e4 c6 14. Nh3 Nec4 15.
Bxc4 Nxc4 16. Nf4 Rd8 17. f3 b5 18. Kb1 a5 19. Bc1 Bb7 20. Nd3 Bc8 21. Ne2 Be6
22. Nef4 a4 23. g4 Rab8 24. Rhe1 b4 25. e5 Bh8 26. Nxe6 Qxe6 27. f4 b3 28. axb3
axb3 29. Qc3 Nb6 30. f5 Qd5 31. Nc5 Qg2 32. Qxb3 Nd5 33. Qc2 Qxg4 34. f6 Qb4 35.
Ne4 Ra8 36. Bd2 Qb5 37. Bc3 Qa6 38. Kc1 Ne3 39. Rxd8+ Rxd8 40. Rxe3 Qa1+ 41. Qb1
Rd1+ 42. Kxd1 Qxb1+ 43. Kd2 Qh1 44. Rd3 Qxh6+ 45. Kc2 Bg7 46. Rd8+ Bf8 47. Bb4 1-0

[Event "Meltwater Tour Final 2021"]
[Site "chess24.com INT"]
[Date "2021.09.27"]
[Round "3.6"]
[White "Radjabov, Teimour"]
[Black "Giri, Anish"]
[Result "1/2-1/2"]
[WhiteTitle "GM"]
[BlackTitle "GM"]
[WhiteElo "2763"]
[BlackElo "2777"]
[WhiteFideId "13400924"]
[BlackFideId "24116068"]
[EventDate "2021.09.25"]

1. Nf3 d5 2. d4 Nf6 3. c4 e6 4. Nc3 c5 5. e3 Nc6 6. cxd5 exd5 7. Be2 cxd4 8.
Nxd4 Bc5 9. Nb3 Bb6 10. Bf3 Be6 11. O-O O-O 12. Na4 Bc7 13. Nac5 Qd6 14. g3 Bh3
15. Re1 Bb6 16. Nd3 Rad8 17. Bd2 Rfe8 18. Nf4 Bf5 19. Bc3 Be4 20. Rc1 h6 21. Bg2
Bxg2 22. Kxg2 Ne4 23. Nd4 Nxc3 24. bxc3 Ne5 25. Qh5 Qf6 26. Red1 Qg5 27. Qe2 Nc4
28. h4 Qe5 29. Qg4 Qe4+ 30. Kh3 Ne5 31. Qh5 Rd7 32. Rd2 Qh7 33. Rcd1 g6 34. Qe2
g5 35. Nh5 g4+ 36. Kh2 Rd6 37. e4 Qxe4 38. Qxe4 dxe4 39. Kg2 Nf3 40. Re2 Bxd4
41. cxd4 f5 42. d5 Rc8 43. Nf4 Kf7 44. a4 Ke7 45. a5 Rc5 46. Rb2 b6 47. axb6
axb6 48. Ra1 Kf6 49. Rab1 Ke5 50. Rxb6 Rc2 51. Ng6+ Rxg6 52. Rxg6 Kxd5 53. Rb5+
Kd4 54. Rd6+ Kc4 55. Rxf5 Ra2 56. Rc6+ Kd4 57. Rfc5 e3 58. Rc4+ Kd5 59. R6c5+
Kd6 60. Rc6+ Kd5 61. R4c5+ Kd4 62. Rc4+ Kd5 1/2-1/2

[Event "Meltwater Tour Final 2021"]
[Site "chess24.com INT"]
[Date "2021.09.27"]
[Round "3.6"]
[White "Mamedyarov, Shakhriyar"]
[Black "Duda, Jan-Krzysztof"]
[Result "1/2-1/2"]
[WhiteTitle "GM"]
[BlackTitle "GM"]
[WhiteElo "2762"]
[BlackElo "2756"]
[WhiteFideId "13401319"]
[BlackFideId "1170546"]
[EventDate "2021.09.25"]

1. d4 d5 2. c4 c6 3. Nc3 Nf6 4. e3 e6 5. Nf3 Nbd7 6. Qc2 Bd6 7. b3 O-O 8. Be2 b6
9. O-O Bb7 10. Bb2 Qe7 11. Rad1 Rad8 12. Rfe1 Rfe8 13. h3 h6 14. e4 dxe4 15.
Nxe4 Nxe4 16. Qxe4 Bb4 17. Nd2 Nf6 18. Qc2 Ba3 19. Ba1 c5 20. Nf3 Bb4 21. Rf1
cxd4 22. Nxd4 Bc5 23. Qb2 Ba3 24. Qc3 Bb4 25. Qb2 Ba3 26. Qc2 Bc5 27. Bb2 Rd7
28. Nb5 Red8 29. Rxd7 Rxd7 30. Rd1 Ne4 31. Bd4 Bxd4 32. Nxd4 Nxf2 33. Kxf2 Rxd4
34. Rxd4 Qc5 35. Qd3 e5 36. Bf3 Bxf3 37. Kxf3 exd4 38. g4 f6 39. Qe4 Qe5 40. b4
Kf7 41. a4 h5 42. Qb7+ Kg6 43. Qe4+ Kf7 44. Qb7+ Kg6 45. Qe4+ Kf7 1/2-1/2

[Event "Meltwater Tour Final 2021"]
[Site "chess24.com INT"]
[Date "2021.09.27"]
[Round "3.6"]
[White "Vachier-Lagrave, Maxime"]
[Black "Carlsen, Magnus"]
[Result "1/2-1/2"]
[WhiteTitle "GM"]
[BlackTitle "GM"]
[WhiteElo "2763"]
[BlackElo "2855"]
[WhiteFideId "623539"]
[BlackFideId "1503014"]
[EventDate "2021.09.25"]

1. e4 e5 2. Nf3 Nc6 3. Bc4 Bc5 4. c3 Nf6 5. d3 d6 6. O-O h6 7. Re1 O-O 8. h3 Bb6
9. Nbd2 Ne7 10. Bb3 c6 11. Nc4 Bc7 12. d4 Ng6 13. dxe5 Nxe5 14. Nfxe5 dxe5 15.
Qf3 Qe7 16. Ne3 Bb6 17. Bd2 Be6 18. Nf5 Bxf5 19. Qxf5 Rad8 20. Rad1 Rd6 21. Bc1
Rfd8 22. Rxd6 Rxd6 23. g3 Nd7 24. Rd1 Rxd1+ 25. Bxd1 Nc5 26. Be2 Qe6 27. Qxe6
fxe6 28. Kg2 Nxe4 29. f3 Nd6 30. g4 Bd8 31. Be3 b6 32. Bd3 Bg5 33. Bf2 Bc1 34.
b3 Bd2 35. c4 c5 36. Kf1 Kf7 37. Ke2 Bc3 38. h4 Bd4 39. Bg3 g5 40. h5 a5 41. Be1
Ke7 42. Bd2 Kd7 43. Bg6 Ke7 44. Kd3 Kf6 45. a3 Ke7 46. b4 axb4 47. axb4 cxb4 48.
Bxb4 Bc5 49. Bc3 Kf6 50. Be4 Nf7 51. Kc2 Nd6 52. Kb3 Nf7 53. Ka4 Nd6 54. Bd3 Be3
55. Bb4 Bc5 56. Bc3 Bd4 57. Bd2 Bc5 58. Bc1 Bd4 59. Kb3 e4 60. fxe4 Ke5 61. Ba3
Bc5 62. Bb2+ Bd4 63. Ba3 Bc5 64. Bb2+ Bd4 65. Ba3 1/2-1/2

[Event "Meltwater Tour Final 2021"]
[Site "chess24.com INT"]
[Date "2021.09.28"]
[Round "4.1"]
[White "Radjabov, Teimour"]
[Black "Duda, Jan-Krzysztof"]
[Result "1-0"]
[WhiteTitle "GM"]
[BlackTitle "GM"]
[WhiteElo "2763"]
[BlackElo "2756"]
[WhiteFideId "13400924"]
[BlackFideId "1170546"]
[EventDate "2021.09.25"]

1. Nf3 Nf6 2. c4 g6 3. Nc3 d5 4. cxd5 Nxd5 5. e4 Nxc3 6. dxc3 Qxd1+ 7. Kxd1 f6
8. Be3 e5 9. Nd2 Nd7 10. Nb3 a5 11. a4 b6 12. Kc2 Bb7 13. f3 O-O-O 14. Rd1 Bd6
15. Bb5 f5 16. Nd2 Nc5 17. Rhe1 fxe4 18. Bxc5 Bxc5 19. Nxe4 Bxe4+ 20. Rxe4 Rxd1
21. Kxd1 Bd6 22. Kc2 Rf8 23. b3 Rf4 24. Re2 g5 25. Bd3 h5 26. Bg6 h4 27. Be4 Kd7
28. g3 Rf7 29. gxh4 gxh4 30. Rg2 Bf8 31. Rg4 Rf4 32. Rg5 Ke6 33. Kd3 Be7 34. Rg7
h3 35. Kc4 Rh4 36. b4 c6 37. Rg6+ Kd7 38. Kb3 Bd6 39. Bf5+ Kc7 40. Rg7+ Kb8 41.
Be4 Rh6 42. Kc4 Kc8 43. bxa5 bxa5 44. Bxc6 e4 45. Bxe4 Bxh2 46. Rh7 Rxh7 47.
Bxh7 Kc7 48. Bf5 Be5 49. Bxh3 Kd6 50. Kd3 Bg3 51. Ke4 Kc5 52. Bf1 Be1 53. c4 Kb4
54. f4 Kc5 55. Ke5 Bg3 56. Be2 Kb4 57. Ke4 Bf2 58. Kd5 1-0

[Event "Meltwater Tour Final 2021"]
[Site "chess24.com INT"]
[Date "2021.09.28"]
[Round "4.1"]
[White "Giri, Anish"]
[Black "Aronian, Levon"]
[Result "1-0"]
[WhiteTitle "GM"]
[BlackTitle "GM"]
[WhiteElo "2777"]
[BlackElo "2782"]
[WhiteFideId "24116068"]
[BlackFideId "13300474"]
[EventDate "2021.09.25"]

1. e4 e5 2. Nf3 Nc6 3. Bb5 a6 4. Ba4 Nf6 5. O-O b5 6. Bb3 Bc5 7. a4 Rb8 8. c3 d6
9. d4 Bb6 10. a5 Ba7 11. h3 Bb7 12. Re1 O-O 13. Be3 exd4 14. cxd4 Ne7 15. e5
Nfd5 16. Bg5 dxe5 17. dxe5 Re8 18. Nc3 Nxc3 19. bxc3 Qxd1 20. Raxd1 c5 21. Rd7
c4 22. Bxc4 Bc5 23. Ba2 Bc6 24. e6 f6 25. Bf4 Rbc8 26. Nd4 Ba8 27. Bd6 g6 28.
Bxc5 Rxc5 29. Ra7 Rxc3 30. Rxa6 Ra3 31. Bb3 f5 32. Ra7 Kg7 33. Rb1 Be4 34. Bc2
Bxc2 35. Nxc2 Ra4 36. Rxb5 Kf6 37. Rb6 Nc8 38. Rf7+ Ke5 39. Rb5+ Kxe6 40. Rxh7
Nd6 41. Rb6 Rxa5 42. Nd4+ Kd5 43. Rd7 Kxd4 44. Rdxd6+ Ke5 45. Rxg6 Ra1+ 46. Kh2
Ra2 47. Rb5+ Ke4 48. Rb4+ Ke5 49. f4+ Kd5 50. Rf6 Kc5 51. Rb1 Rg8 52. Rxf5+ Kd4
53. Rg5 Rf8 54. Rf1 Re2 55. f5 Ke5 56. f6+ Ke6 57. Rg6 Rf7 58. Rf3 Re4 59. g4
Re1 60. g5 Re2+ 61. Kg3 Re1 62. Rg7 Rg1+ 63. Kh4 Rf8 64. Kh5 1-0

[Event "Meltwater Tour Final 2021"]
[Site "chess24.com INT"]
[Date "2021.09.28"]
[Round "4.1"]
[White "Artemiev, Vladislav"]
[Black "Carlsen, Magnus"]
[Result "1/2-1/2"]
[WhiteTitle "GM"]
[BlackTitle "GM"]
[WhiteElo "2699"]
[BlackElo "2855"]
[WhiteFideId "24101605"]
[BlackFideId "1503014"]
[EventDate "2021.09.25"]

1. e4 c6 2. Nf3 d5 3. Nc3 Bg4 4. h3 Bxf3 5. Qxf3 e6 6. g3 Nf6 7. Bg2 Bb4 8. O-O
Nbd7 9. exd5 cxd5 10. Nd1 O-O 11. d4 b5 12. a4 bxa4 13. Rxa4 a5 14. Ne3 Nb6 15.
Ra2 a4 16. Qe2 Rc8 17. Qb5 Be7 18. Bd2 Rb8 19. Ba5 Qd6 20. Bxb6 Rxb6 21. Qxa4
Rfb8 22. Rb1 Rb4 23. Qa7 R8b7 24. Qa8+ Rb8 25. Qa7 R8b7 26. Qa8+ Rb8 27. Qa7 1/2-1/2